Združenie fyzických osôb v daňových súvislostiach

Právne hľadisko združenia bez právnej subjektivity. Najčastejšie formy združení vyskytujúce sa v každodennej praxi. Účtovanie v združení. Združenie a zákon o dani z príjmov. Ukončenie činnosti v združení.

Uložené v:
Podrobná bibliografia
Hlavný autor: Brnová, Miroslava
Médium: Kapitola
Jazyk:Slovak
Predmet:
Tagy: Pridať tag
Žiadne tagy, Buďte prvý, kto otaguje tento záznam!

MARC

LEADER 00000naa a2200000 4500
001 0306863
005 20250205160615.1
041 0 |a slo 
044 |a SK 
245 1 0 |a Združenie fyzických osôb v daňových súvislostiach  |c Miroslava Brnová 
520 |a Právne hľadisko združenia bez právnej subjektivity. Najčastejšie formy združení vyskytujúce sa v každodennej praxi. Účtovanie v združení. Združenie a zákon o dani z príjmov. Ukončenie činnosti v združení. 
610 2 0 |a účtovníctvo daňové 
610 2 0 |a dane z príjmov 
610 2 0 |a združenia 
610 2 0 |a osoby fyzické 
610 2 0 |a podnikatelia 
610 2 0 |a zákonník občiansky 
610 2 0 |a zákony 
100 1 |a Brnová, Miroslava